00726nam a22001817a 4500040000900000082001800009100002700027245007700054250001900131260003400150300001000184521000700194942001200201999001900213952010400232952010400336952010400440 cNUST a629.1343bHOD aHodges, Dewey H.92482 aIntroduction to Structural Dynamics and Aeroelasticity/cDewey H. Hodges aSecond Edition aNew York :bCambridge;c2011. a247p. bHB 2ddccBK c606803d606803 00102ddc4070aSMMEbSMMEcALd2023-11-22l0o629.1343 HODpSMME-4408r2023-11-22w2023-11-22yBK 00102ddc4070aSMMEbSMMEcALd2023-11-22l0o629.1343 HODpSMME-4409r2023-11-22w2023-11-22yBK 00102ddc4070aSMMEbSMMEcALd2023-11-22l0o629.1343 HODpSMME-4410r2023-11-22w2023-11-22yBK